Krishnamurti : (Record no. 196861)

MARC details
000 -LEADER
fixed length control field 00618nam a22001937a 4500
005 - DATE AND TIME OF LATEST TRANSACTION
control field 20230804122813.0
010 ## - LCCN (DPL NO)
LC control number B-078580
020 ## - INTERNATIONAL STANDARD BOOK NUMBER
International Standard Book Number 8187326823
Terms of availability 125.00
035 ## - SYSTEM CONTROL NUMBER
System control number B-078580
082 ## - DEWEY DECIMAL CLASSIFICATION NUMBER
Classification number 181.499
100 ## - MAIN ENTRY--PERSONAL NAME
Personal name Krishnamurti, J.
245 ## - TITLE STATEMENT
Title Krishnamurti :
Remainder of title reflections on the self /
Statement of responsibility, etc by J.Krishnamurti; edited by Raymond Martin
260 ## - PUBLICATION, DISTRIBUTION, ETC. (IMPRINT)
Place of publication, distribution, etc Chennai
Name of publisher, distributor, etc Krishnamurti Foundation India
Date of publication, distribution, etc 2000
270 ## - ADDRESS
Address Vasanta Vihar, 124 Greenways Road
City Chennai
Postal code 600028
300 ## - PHYSICAL DESCRIPTION
Extent xix,214p.
Dimensions 22cm(pbk)
500 ## - GENERAL NOTE
General note Includes index
700 ## - ADDED ENTRY--PERSONAL NAME
Personal name Martin, Raymond
942 ## - ADDED ENTRY ELEMENTS (KOHA)
Source of classification or shelving scheme Dewey Decimal Classification
Item type English Books
Call number suffix KRI
Classification part 181.499
Holdings
Withdrawn status Lost status Not for loan Collection code Home library Current library Date acquired Cost, normal purchase price Full call number Barcode Cost, replacement price Koha item type
      Non-fiction Sarojini Nagar Sarojini Nagar 04/08/2023 125.00 181.499 KRI B-078580 125.00 English Books

© Delhi Public Library
Hit Counter
free hit counter